[Event "The best 1700"]
[Site "http://www.queenalice.com/game.php?id=888759"]
[Date "2011.1.20"]
[Round "2"]
[White "Kingfish"]
[Black "daddonet"]
[Result "0-1"]
[WhiteElo "1667"]
[BlackElo "1711"]

1. e4 c5 2. Nf3 d6 3. d4 cxd4 4. Nxd4 Nf6 5. Nc3 a6 6. Bg5 e6 7. f4 Be7 8. Qf3
Qb6 9. Nb3 Nc6 10. f5 Nd4 11. Nxd4 Qxd4 12. Bd3 Bd7 13. O-O-O Qb4 14. a3 Qa5 15.
h3 b5 16. b4 Qxa3+ 17. Kd2 Qxb4 18. Rb1 Nxe4+ 0-1

[Event "Challenge"]
[Site "http://www.queenalice.com/game.php?id=894048"]
[Date "2011.2.1"]
[Round "-"]
[White "daddonet"]
[Black "ensito"]
[Result "1-0"]
[WhiteElo "1727"]
[BlackElo "1759"]

1. e4 e5 2. Nf3 d6 3. d4 exd4 4. Nxd4 c5 5. Bb5+ Bd7 6. Bxd7+ Qxd7 7. Nf5 Ne7 8.
Nxd6+ Kd8 9. Nxf7+ Kc8 10. Qxd7+ Nxd7 11. Nxh8 Ne5 12. f4 N5g6 13. Nf7 Nc6 14.
Ng5 Nd4 15. Na3 h6 16. Nf3 Nxf3+ 17. gxf3 Nh4 18. O-O a6 19. Nc4 Kc7 20. Be3 b6
21. Ne5 Rd8 22. Bf2 Be7 23. Rad1 Rxd1 24. Rxd1 Bf6 25. Bxh4 Bxh4 26. Rd7+ Kc8
27. Rxg7 Bf6 28. Rg6 1-0

[Event "AUTO-INT-1832"]
[Site "http://www.queenalice.com/game.php?id=902750"]
[Date "2011.2.19"]
[Round "2"]
[White "daddonet"]
[Black "ciceroeduardo"]
[Result "1-0"]
[WhiteElo "1790"]
[BlackElo "1680"]

1. e4 e5 2. Nf3 Nc6 3. Bc4 Bc5 4. O-O Nf6 5. c3 Nxe4 6. Qe1 d5 7. Bd3 Bf5 8. b4
Be7 9. b5 Na5 10. Nxe5 Qd6 11. f4 O-O 12. Ba3 Qe6 13. h3 Bxa3 14. Nxa3 a6 15. g4
Qb6+ 16. Qe3 Qxe3+ 17. dxe3 Nd2 18. Bxf5 Nxf1 19. Kxf1 axb5 20. Nxb5 c6 21. Nd4
f6 22. Be6+ Kh8 23. Nf7+ Kg8 24. Nd6+ Kh8 25. N4f5 Nc4 26. Nf7+ Kg8 27. Ne7# 1-0

[Event "AUTO-INT-1832"]
[Site "http://www.queenalice.com/game.php?id=902751"]
[Date "2011.2.19"]
[Round "2"]
[White "ciceroeduardo"]
[Black "daddonet"]
[Result "0-1"]
[WhiteElo "1673"]
[BlackElo "1825"]

1. e4 c5 2. Nf3 d6 3. d4 cxd4 4. Nxd4 Nf6 5. Nc3 a6 6. Bd3 e6 7. O-O h6 8. b3
Nc6 9. Nxc6 bxc6 10. Be3 Be7 11. Na4 c5 12. c4 O-O 13. Qc2 Ng4 14. Qc3 Bf6 15.
Qd2 Bxa1 16. Rxa1 Qh4 17. h3 Nxe3 18. Qxe3 Rb8 19. Nc3 Bb7 20. a4 Bc6 21. Bc2
Rfe8 22. Qd3 Rbd8 23. Re1 Qg5 24. Re3 f5 25. Rg3 Qf6 26. exf5 exf5 27. Nd5 Bxd5
28. cxd5 Re1+ 29. Kh2 Qa1 30. Rf3 Rh1+ 31. Kg3 Qe5+ 32. Rf4 g5 33. Qxf5 gxf4+
34. Kg4 Qxf5+ 35. Bxf5 Rf8 36. Be4 Re1 37. Bd3 h5+ 38. Kxh5 Re5+ 39. Kg4 Kg7 40.
Bxa6 Rxd5 0-1

[Event "AUTO-INT-1832"]
[Site "http://www.queenalice.com/game.php?id=902752"]
[Date "2011.2.19"]
[Round "2"]
[White "daddonet"]
[Black "burnnes"]
[Result "1-0"]
[WhiteElo "1802"]
[BlackElo "1691"]

1. e4 e5 2. Nf3 Nc6 3. Bc4 Bc5 4. c3 Nf6 5. d4 exd4 6. cxd4 Bb4+ 7. Bd2 Bxd2+ 8.
Nbxd2 d6 9. O-O h6 10. e5 dxe5 11. dxe5 Ng4 12. e6 Bxe6 13. Bxe6 fxe6 14. Qb3
Qd7 15. Rfe1 Nd4 16. Nxd4 1-0

[Event "AUTO-INT-1832"]
[Site "http://www.queenalice.com/game.php?id=902753"]
[Date "2011.2.19"]
[Round "2"]
[White "burnnes"]
[Black "daddonet"]
[Result "0-1"]
[WhiteElo "1679"]
[BlackElo "1814"]

1. e4 c5 2. c4 Nc6 3. Nc3 g6 4. Nf3 Bg7 5. Be2 e6 6. d4 cxd4 7. Nb5 d5 8. Nfxd4
Nxd4 9. Nxd4 dxe4 10. Be3 a6 11. Qa4+ Bd7 12. Qb3 Ne7 13. Qxb7 Rb8 14. Qxa6 Rxb2
15. Bg4 Nf5 16. Bxf5 exf5 17. Nc6 Bc3+ 18. Kf1 Qc7 19. Bb6 Qxc6 0-1

[Event "The best 1700"]
[Site "http://www.queenalice.com/game.php?id=919747"]
[Date "2011.3.30"]
[Round "3"]
[White "daddonet"]
[Black "ReiNato"]
[Result "1-0"]
[WhiteElo "1835"]
[BlackElo "1856"]

1. e4 c6 2. d4 e6 3. Bd3 Ne7 4. f4 Ng6 5. Nf3 Be7 6. O-O f5 7. exf5 exf5 8. Bxf5
d5 9. Bxg6+ hxg6 10. Ne5 Qd6 11. Qf3 Bf5 12. Qb3 b5 13. c3 Bxb1 14. Rxb1 a5 15.
Qc2 Nd7 16. Qxg6+ Qxg6 17. Nxg6 Rh7 18. Ne5 Nxe5 19. fxe5 Kd7 20. Rf7 Ke6 21.
Rf3 b4 22. Bd2 c5 23. h3 cxd4 24. cxd4 Rc8 25. Rc1 Rc4 26. Rd3 Rh4 27. Be3 g5
28. b3 Rxc1+ 29. Bxc1 g4 30. hxg4 Rxg4 31. Kf2 Re4 32. g3 Kf5 33. Rf3+ Kg4 34.
Rf4+ Rxf4+ 35. Bxf4 Bg5 36. Bxg5 Kxg5 37. Kf3 Kf5 38. g4+ Ke6 39. Kf4 Kd7 40.
Kf5 Kc6 41. e6 Kb5 42. e7 a4 43. e8=Q+ Ka5 44. Qxa4+ Kb6 45. Qxb4+ Kc6 46. a4
Kd7 47. a5 Kc6 48. a6 Kd7 49. a7 Kc6 50. a8=Q+ Kd7 51. Qbb7+ Kd6 52. Qaa6# 1-0

[Event "AUTO-INT-1843"]
[Site "http://www.queenalice.com/game.php?id=920261"]
[Date "2011.4.1"]
[Round "2"]
[White "daddonet"]
[Black "PedroNRF"]
[Result "1-0"]
[WhiteElo "1828"]
[BlackElo "1711"]

1. e4 e5 2. Nf3 Nc6 3. Bc4 h6 4. O-O Nf6 5. Re1 a5 6. a4 Bc5 7. h3 O-O 8. c3 Ne7
9. Nxe5 d5 10. exd5 Nexd5 11. d4 Bd6 12. Qf3 Be6 13. Bd3 c6 14. Qg3 Kh8 15. Qh4
Be7 16. Bxh6 g6 17. Bxf8+ Kg8 18. Bxe7 Qxe7 19. Nd2 Nh7 20. Qxe7 Nxe7 21. Nxg6
fxg6 22. Rxe6 Kf7 23. Rae1 Nf5 24. Bxf5 Nf8 25. Bxg6+ Nxg6 26. Nf3 Rf8 27. Ng5+
Kg7 28. Re8 Rf5 29. Ne6+ Kh6 30. Rh8+ Nxh8 31. Nd8 1-0

[Event "AUTO-INT-1843"]
[Site "http://www.queenalice.com/game.php?id=920262"]
[Date "2011.4.1"]
[Round "2"]
[White "PedroNRF"]
[Black "daddonet"]
[Result "0-1"]
[WhiteElo "1752"]
[BlackElo "1900"]

1. e4 c5 2. g3 d6 3. Bg2 Nc6 4. a4 g6 5. d3 Bg7 6. c3 Nf6 7. Qb3 Na5 8. Qc2 Be6
9. Ra3 Qb6 10. c4 Nc6 11. Qd1 Ng4 12. b3 Nd4 13. f3 Ne5 14. h3 h5 15. f4 Nec6
16. Bf3 Nb4 17. Rh2 Qa5 18. Kf1 f5 19. e5 dxe5 20. Bxb7 Rb8 21. Bd5 Nxd5 22. Bd2
exf4 23. Bxa5 Ne3+ 24. Ke1 Nxd1 25. Kxd1 Rxb3 26. Rxb3 Nxb3 27. Bc7 fxg3 28.
Bxg3 g5 29. Ne2 Bd7 30. Nbc3 Nd4 31. a5 O-O 32. Nxd4 Bxd4 33. Nd5 e5 34. Bf2 f4
35. Bxd4 exd4 36. Ke1 g4 37. hxg4 Bxg4 38. Kf2 f3 39. Nc7 Rb8 40. Nb5 a6 41. Nc7
Rb3 42. Nxa6 Rxd3 43. Nxc5 Ra3 44. Nb7 d3 45. Ke3 Kf7 46. Kd4 Ke7 47. c5 Kd7 48.
Rb2 Kc7 49. Kd5 d2 50. Rxd2 Kxb7 51. Rb2+ Kc8 52. Rb5 f2 53. c6 f1=Q 0-1

[Event "AUTO-INT-1843"]
[Site "http://www.queenalice.com/game.php?id=920263"]
[Date "2011.4.1"]
[Round "2"]
[White "daddonet"]
[Black "Nunes"]
[Result "0-1"]
[WhiteElo "1852"]
[BlackElo "1648"]

1. e4 e5 2. Nf3 Nc6 3. Bc4 Bc5 4. O-O Nf6 5. Nc3 O-O 6. a4 Nxe4 7. Nxe4 d5 8.
Nxc5 dxc4 9. Ne4 Bg4 10. h3 f5 11. hxg4 fxe4 12. Nh2 Nd4 13. d3 cxd3 14. cxd3
exd3 15. Be3 Ne2+ 16. Kh1 Qd5 17. Ra3 Rad8 18. Qb3 Nf4 19. Qxd5+ Rxd5 20. Rd1
Rfd8 21. Bxf4 exf4 22. Nf3 c5 23. b3 R8d6 24. Ra2 a6 25. a5 b5 26. axb6 Rxb6 27.
Nd2 h5 28. gxh5 Rxh5+ 29. Kg1 Rbh6 30. g4 Rh1+ 31. Kg2 Rxd1 32. Kf3 Re1 33. Kxf4
Rf6+ 34. Kg3 Re2 35. f4 Rh6 0-1

[Event "AUTO-INT-1843"]
[Site "http://www.queenalice.com/game.php?id=920264"]
[Date "2011.4.1"]
[Round "2"]
[White "Nunes"]
[Black "daddonet"]
[Result "0-1"]
[WhiteElo "1552"]
[BlackElo "1848"]

1. e4 c5 2. Nf3 d6 3. d4 cxd4 4. Nxd4 Nf6 5. Nc3 g6 6. Bb5+ Bd7 7. O-O Bg7 8.
Bg5 a6 9. Bxd7+ Nbxd7 10. Re1 O-O 11. Nd5 Nxd5 12. exd5 Nf6 13. Qf3 Qb6 14. Nb3
Rac8 15. c3 Rc7 16. Qd3 Ng4 17. Bxe7 Qxf2+ 18. Kh1 Qxe1+ 19. Rxe1 Nf2+ 20. Kg1
Nxd3 21. Bxd6 Nxe1 22. Bxc7 Nd3 23. d6 Re8 24. g4 Ne5 25. Nc5 Rc8 26. Nxb7 Nd7
27. Kf2 f5 28. g5 Be5 29. h4 Kf7 30. a3 Ke6 31. Nd8+ Kd5 0-1

[Event "AUTO-ADV-1950"]
[Site "http://www.queenalice.com/game.php?id=928534"]
[Date "2011.4.21"]
[Round "2"]
[White "miguel7"]
[Black "daddonet"]
[Result "0-1"]
[WhiteElo "2013"]
[BlackElo "1879"]

1. e4 c5 2. Nc3 e6 3. Nf3 d5 4. Bb5+ Nc6 5. Bxc6+ bxc6 6. d3 Nf6 7. Ne5 Qc7 8.
Bf4 Bd6 9. O-O Bxe5 10. Bxe5 Qxe5 11. h3 O-O 12. Rc1 Qh5 13. f3 Qg6 14. Na4 Nh5
15. g4 Nf4 16. h4 f5 17. Kh2 Qh6 18. Kg3 fxg4 19. fxg4 e5 20. Nxc5 Qg6 21. Rg1
h5 22. g5 Bg4 23. Qd2 Ne2+ 24. Kg2 Nxc1 25. Qxc1 Qf7 26. Qe3 d4 27. Qg3 Qxa2 28.
Qxe5 Qxb2 0-1

[Event "AUTO-ADV-1950"]
[Site "http://www.queenalice.com/game.php?id=928535"]
[Date "2011.4.21"]
[Round "2"]
[White "daddonet"]
[Black "miguel7"]
[Result "1-0"]
[WhiteElo "1910"]
[BlackElo "1980"]

1. e4 c5 2. Nf3 Nc6 3. d4 e6 4. c3 d5 5. e5 cxd4 6. cxd4 h6 7. a3 f6 8. Bd3 Nge7
9. Nh4 fxe5 10. Qh5+ Kd7 11. dxe5 g6 12. Nxg6 Qe8 13. Nf4 Qxh5 14. Nxh5 Nxe5 15.
Nf6+ Kd8 16. Bb5 Bg7 17. Nh5 Nf5 18. Nxg7 Nxg7 19. Be3 Rg8 20. Bxh6 Nf5 21. Bf4
Nc6 22. Nd2 Rxg2 23. Bg3 Nfd4 24. Bd3 e5 25. h4 e4 26. Nxe4 dxe4 27. Bxe4 Rxg3
28. fxg3 Bg4 29. h5 Kd7 30. Kf2 Ke7 31. Rh4 Ne5 32. h6 Ndf3 33. Bxf3 Bf5 34. g4
Bh7 35. Kg3 Kf6 36. Rf1 Nxf3 37. Rxf3+ Kg5 38. Rf7 Rh8 39. Rh5+ Kg6 40. Rg7+ Kf6
41. g5+ Ke5 42. g6+ 1-0

[Event "AUTO-ADV-1950"]
[Site "http://www.queenalice.com/game.php?id=928536"]
[Date "2011.4.21"]
[Round "2"]
[White "luiz_antonio"]
[Black "daddonet"]
[Result "0-1"]
[WhiteElo "1910"]
[BlackElo "1861"]

1. e4 c5 2. g3 d6 3. Bc4 g6 4. c3 Bg7 5. d3 e6 6. Be3 Nc6 7. Bb5 Ne7 8. a4 a6 9.
Bc4 O-O 10. d4 cxd4 11. cxd4 d5 12. exd5 exd5 13. Bb3 Nf5 14. Nf3 Qb6 15. Nc3
Nfxd4 16. Bxd5 Qxb2 17. Rc1 Nxf3+ 18. Bxf3 Bxc3+ 19. Kf1 Bg7 20. Kg2 Qe5 21. Re1
Qb8 22. Bxc6 bxc6 23. Bc5 Be6 24. Bxf8 Bd5+ 25. Kg1 Bxf8 26. Rb1 Qa7 27. a5 Bc5
28. Qd2 Qd7 29. Qf4 Bd6 30. Qh4 Qf5 31. f4 Bc5+ 32. Kf1 Bc4+ 33. Kg2 Bd5+ 34.
Kf1 Qd3+ 35. Re2 Qxb1+ 0-1

[Event "AUTO-ADV-1950"]
[Site "http://www.queenalice.com/game.php?id=928537"]
[Date "2011.4.21"]
[Round "2"]
[White "daddonet"]
[Black "luiz_antonio"]
[Result "1-0"]
[WhiteElo "1929"]
[BlackElo "1937"]

1. e4 d6 2. d4 g6 3. Bd3 Bg7 4. Nf3 Bg4 5. c3 a6 6. h3 Bd7 7. Be3 e6 8. Qd2 b5
9. O-O Qe7 10. Na3 Nc6 11. Nc2 Na7 12. Nh2 h5 13. f4 c5 14. f5 c4 15. fxg6 fxg6
16. Be2 Bc6 17. Bg5 Bf6 18. Rxf6 Nxf6 19. Rf1 Rf8 20. e5 dxe5 21. dxe5 Qc5+ 22.
Be3 Qxe5 23. Bd4 Qd5 24. Bf3 Ne4 25. Qe3 Nc8 26. Nb4 Qd6 27. Nxc6 Ng3 28. Be5
Nxf1 29. Nxf1 Qd7 30. Nb8 Rxf3 31. Qxf3 Qa7+ 32. Qf2 Qxf2+ 33. Kxf2 Ne7 34. Nd2
a5 35. Ne4 b4 36. Nc5 Kf7 37. Nbd7 Nc6 38. Bf6 Ra7 39. Bg5 Ke8 40. Nb6 Rf7+ 41.
Ke3 Rf5 42. Ne4 Rf1 43. Nxc4 bxc3 44. Nxc3 Rf5 45. Nd6+ Kd7 46. Nxf5 exf5 47.
Ne2 Ne5 48. b3 Kc6 49. Kd4 Nf7 50. Bd2 Kb5 51. Nf4 Nh8 52. Ke5 g5 53. Nxh5 Ng6+
54. Kxf5 Nh4+ 55. Kxg5 1-0

[Event "The best 1700"]
[Site "http://www.queenalice.com/game.php?id=936438"]
[Date "2011.5.10"]
[Round "4"]
[White "ButchCassidy"]
[Black "daddonet"]
[Result "0-1"]
[WhiteElo "1757"]
[BlackElo "1839"]

1. e4 c5 2. Bc4 e6 3. Nf3 a6 4. a4 d5 5. exd5 exd5 6. Ba2 Nf6 7. O-O Be7 8. d3
h6 9. h3 O-O 10. Re1 Nc6 11. d4 Be6 12. Ne5 Nxd4 13. Be3 Nc6 14. Nxc6 bxc6 15.
Nd2 Bd6 16. Nf3 d4 17. Bc1 Bxa2 18. Rxa2 Qc7 19. c3 Rad8 20. Qe2 Rfe8 21. Qxa6
Bh2+ 22. Kf1 Rxe1+ 23. Nxe1 Qe7 24. Qxc6 Re8 25. Nf3 Qe2# 0-1

[Event "Challenge"]
[Site "http://www.queenalice.com/game.php?id=939388"]
[Date "2011.5.18"]
[Round "-"]
[White "ORNELAS"]
[Black "daddonet"]
[Result "0-1"]
[WhiteElo "1673"]
[BlackElo "1852"]

1. e4 c5 2. c3 Nc6 3. d3 e6 4. Be3 d5 5. Nd2 Nf6 6. Ngf3 Ng4 7. Bg5 Qb6 8. b3
Bd6 9. exd5 exd5 10. g3 h6 11. Bh4 g5 12. Nxg5 hxg5 13. Bxg5 Be7 14. Bxe7 Nxe7
15. Bg2 Be6 16. O-O Nxh2 17. Re1 Ng4 18. Nf3 O-O-O 19. Ne5 Nxe5 20. d4 Nd7 21.
dxc5 Nxc5 22. Qf3 Ne4 23. Rxe4 dxe4 24. Qxe4 Bd5 25. Qg4+ Kb8 26. Qf4+ Qc7 27.
Qxc7+ Kxc7 28. Bxd5 Nxd5 29. c4 Nc3 30. Kg2 Rd2 31. Re1 Kd7 32. a4 Re8 33. Rh1
Ree2 34. Rf1 Ne4 35. Kf3 Rxf2+ 36. Rxf2 Nxf2 37. Ke3 Rb2 38. c5 Nd1+ 39. Kd4
Rxb3 40. Kc4 Rxg3 41. a5 Kc6 42. Kb4 Rg4+ 43. Kb3 Kxc5 44. Kc2 Kc4 45. Kxd1 Kd3
46. Kc1 Rg2 47. Kb1 Kc3 48. Ka1 Kb3 49. Kb1 Rg1# 0-1

[Event "AUTO-MASTER-1473"]
[Site "http://www.queenalice.com/game.php?id=972677"]
[Date "2011.8.14"]
[Round "1"]
[White "drd123"]
[Black "daddonet"]
[Result "1-0"]
[WhiteElo "2080"]
[BlackElo "1951"]

1. e4 c5 2. Nf3 e6 3. d4 cxd4 4. Nxd4 d5 5. exd5 exd5 6. Nc3 Nc6 7. Be3 Nf6 8.
Bb5 Bd7 9. Bxc6 bxc6 10. Nb3 Bd6 11. O-O Bxh2+ 12. Kxh2 Ng4+ 13. Kg1 Qh4 14. Re1
O-O 15. Nd4 Qh2+ 16. Kf1 Rfe8 17. Qf3 c5 18. Nf5 d4 19. Qxg4 Bxf5 20. Qxf5 dxe3
21. Qh3 Qb8 22. Rxe3 Qxb2 23. Rae1 Rf8 24. Rg3 Qxc2 25. Qg4 g6 26. Nd5 Qb2 27.
Qg5 f6 28. Qh6 Rf7 29. Kg1 Qb7 30. Nf4 c4 31. Nxg6 hxg6 32. Qxg6+ Rg7 33. Re8+
Rxe8 34. Qxe8+ 1-0

[Event "AUTO-MASTER-1473"]
[Site "http://www.queenalice.com/game.php?id=972678"]
[Date "2011.8.14"]
[Round "1"]
[White "daddonet"]
[Black "drd123"]
[Result "1/2-1/2"]
[WhiteElo "1945"]
[BlackElo "2100"]

1. e4 e5 2. Nf3 Nc6 3. Bc4 Bc5 4. O-O Nf6 5. Nc3 O-O 6. a3 a5 7. d3 h6 8. Be3
Bxe3 9. fxe3 d6 10. d4 Re8 11. Nh4 Re7 12. Rxf6 gxf6 13. Qh5 Qf8 14. Ng6 Qg7 15.
Nxe7+ Nxe7 16. Rf1 Be6 17. Nd5 Nxd5 18. exd5 Bg4 19. Qh4 Qg5 20. Qf2 Kg7 21. Bd3
Re8 22. h4 Qh5 23. Qxf6+ Kg8 24. dxe5 Rxe5 25. Qd8+ Kg7 26. Qf6+ Kg8 27. Qd8+
Kg7 28. Qf6+ Kg8 1/2-1/2

[Event "AUTO-MASTER-1473"]
[Site "http://www.queenalice.com/game.php?id=972691"]
[Date "2011.8.14"]
[Round "1"]
[White "Catalin"]
[Black "daddonet"]
[Result "1-0"]
[WhiteElo "2211"]
[BlackElo "1940"]

1. e4 c5 2. c3 e6 3. d4 cxd4 4. cxd4 d5 5. e5 Bb4+ 6. Nc3 Ne7 7. Bd3 Nbc6 8. Nf3
Nf5 9. Bxf5 exf5 10. O-O Be6 11. Bd2 a6 12. Rc1 O-O 13. Qb3 Rb8 14. a3 Ba5 15.
Rc2 Bc7 16. Bf4 f6 17. Ne2 fxe5 18. dxe5 Qe7 19. Ned4 Na5 20. Qb4 Qf7 21. Nxe6
Nc6 22. Nfg5 Nxb4 23. axb4 Qh5 24. Rxc7 g6 25. Nxf8 Rxf8 26. Nxh7 Kh8 27. Nxf8
1-0

[Event "AUTO-MASTER-1473"]
[Site "http://www.queenalice.com/game.php?id=972692"]
[Date "2011.8.14"]
[Round "1"]
[White "daddonet"]
[Black "Catalin"]
[Result "1-0"]
[WhiteElo "1935"]
[BlackElo "2207"]

1. e4 e5 2. Nf3 Nc6 3. Bc4 Bc5 4. O-O d6 5. h3 Nf6 6. Re1 Na5 7. Bf1 Bb6 8. c3
O-O 9. d4 exd4 10. cxd4 Nc6 11. Nc3 Ba5 12. Bg5 Bxc3 13. bxc3 a6 14. Bd3 h6 15.
Bh4 g5 16. Nxg5 hxg5 17. Bxg5 Re8 18. e5 dxe5 19. dxe5 Nxe5 20. Rxe5 Qd6 21.
Rxe8+ Nxe8 22. Qf3 Qe6 23. Rd1 Nd6 24. Qh5 f5 25. Bh6 Kh8 26. Be3+ Kg8 27. Bd4
Nf7 28. g4 fxg4 29. Bh7+ Kf8 30. Bc5+ Nd6 31. Bg6 gxh3 32. Qh8+ Ke7 33. Qg7+ Kd8
34. Qf8+ Kd7 35. Bf5 Kc6 36. Bxe6 Bxe6 37. Rxd6+ 1-0

[Event "AUTO-MASTER-1473"]
[Site "http://www.queenalice.com/game.php?id=972701"]
[Date "2011.8.14"]
[Round "1"]
[White "daddonet"]
[Black "Alcamo"]
[Result "1/2-1/2"]
[WhiteElo "1981"]
[BlackElo "2015"]

1. e4 e5 2. Nf3 Nc6 3. Bc4 Nf6 4. Nc3 Nxe4 5. Bxf7+ Kxf7 6. Nxe4 d5 7. Ng3 e4 8.
Ng1 Bc5 9. N1e2 Rf8 10. O-O Kg8 11. d4 Bd6 12. Be3 Ne7 13. c4 c6 14. Nc3 Be6 15.
a4 a5 16. c5 Bxg3 17. fxg3 Qd7 18. Qd2 Nf5 19. Bf4 Rf7 20. Rf2 h6 21. Nd1 Kh7
22. Ne3 Qd8 23. Raf1 Qc8 24. Be5 Nxe3 25. Qxe3 Rxf2 26. Rxf2 Qd8 27. Qb3 Qd7 28.
Qe3 Rg8 29. Qc3 Qd8 30. Bf4 Bd7 31. Bd2 Be6 32. Qxa5 Qxa5 33. Bxa5 Ra8 34. Bc3
Rxa4 35. Re2 Ra8 36. Kf2 Rf8+ 37. Ke1 g5 38. Kd2 Bg4 39. Re1 Rf2+ 40. Kc1 Rxg2
41. Rh1 Bf3 42. Re1 Rxh2 43. Rg1 Rg2 44. Rxg2 Bxg2 45. Kd1 Kg6 46. Be1 Kf5 47.
Ke2 Kg4 48. Kf2 Bf3 49. Ke3 h5 50. Bf2 h4 51. gxh4 gxh4 52. Bg1 h3 53. Bh2 Kf5
54. Bg3 Ke6 55. Bh2 Kd7 56. Bf4 Ke6 57. Bh2 1/2-1/2

[Event "AUTO-MASTER-1473"]
[Site "http://www.queenalice.com/game.php?id=972702"]
[Date "2011.8.14"]
[Round "1"]
[White "Alcamo"]
[Black "daddonet"]
[Result "0-1"]
[WhiteElo "2049"]
[BlackElo "1962"]

1. e4 c5 2. c3 e6 3. d4 cxd4 4. cxd4 d5 5. e5 Bb4+ 6. Nc3 Ne7 7. Nf3 Nbc6 8. Bd3
Nf5 9. O-O g6 10. Ne2 Bd7 11. Bg5 Be7 12. Bxe7 Qxe7 13. a3 Rc8 14. Qd2 O-O 15.
b4 a6 16. Bxf5 exf5 17. g3 b5 18. Rfe1 Be6 19. Ra2 Rc7 20. Rc1 Rfc8 21. Nf4 Nxd4
22. Nxd4 Rxc1+ 23. Kg2 Qc7 24. Nfxe6 fxe6 25. Nxe6 Qxe5 26. Ng5 d4 27. Nf3 Qd5
28. Qxd4 Qxa2 0-1